LEADER 01417cam--2200433---450- 001 990001363920203316 005 20141110121158.0 010 $a978-88-452-6988-2 035 $a000136392 035 $aUSA01000136392 035 $a(ALEPH)000136392USA01 035 $a000136392 100 $a20040123d2012----km-y0itay50------ba 101 1 $aita$ceng 102 $aIT 105 $ay|||z|||001yy 200 1 $aScelte fatali$ele decisioni che hanno cambiato il mondo$e1940-1941$fIan Kershaw$gtraduzione di Giuseppe Bernardi 210 $aMilano$cBompiani$d2012 215 $aXIX, 815 p., [8] carte di tav.$cill.$d24 cm 225 2 $aSaggi Bompiani 410 0$12001$aSaggi Bompiani 454 0$12001$aFateful choices$917434 606 0 $aGuerra mondiale 1939-1945$xRuolo [della] Diplomazia$2BNCF 676 $a940.532 700 1$aKERSHAW,$bIan$0142945 702 1$aBERNARDI,$bGiuseppe$f<1938- > 801 0$aIT$bsalbc$gISBD 912 $a990001363920203316 951 $aX.3.B. 6541$b7344 L.G.$cX.3.$d00311417 959 $aBK 969 $aUMA 979 $aSIAV2$b10$c20040123$lUSA01$h1008 979 $aPATRY$b90$c20040406$lUSA01$h1736 979 $aCOPAT7$b90$c20060413$lUSA01$h1011 979 $aCOPAT6$b90$c20070309$lUSA01$h1408 979 $aANNAMARIA$b90$c20120601$lUSA01$h1248 979 $aANNAMARIA$b90$c20141110$lUSA01$h1211 996 $aFateful choices$917434 997 $aUNISA LEADER 01823oam 2200469M 450 001 9910716184403321 005 20200213070903.1 035 $a(CKB)5470000002518268 035 $a(OCoLC)1065593527 035 $a(OCoLC)995470000002518268 035 $a(EXLCZ)995470000002518268 100 $a20071213d1926 ua 0 101 0 $aeng 135 $aurcn||||||||| 181 $ctxt$2rdacontent 182 $cc$2rdamedia 183 $acr$2rdacarrier 200 10$aAuthorizing sale of parcel of land in town of Westport, Conn. June 18, 1926. -- Committed to the Committee of the Whole House on the State of the Union and ordered to be printed 210 1$a[Washington, D.C.] :$c[U.S. Government Printing Office],$d1926. 215 $a1 online resource (2 pages) 225 1 $aHouse report / 69th Congress, 1st session. House ;$vno. 1516 225 1 $a[United States congressional serial set ] ;$v[serial no. 8537] 300 $aBatch processed record: Metadata reviewed, not verified. Some fields updated by batch processes. 300 $aFDLP item number not assigned. 606 $aPublic land sales 606 $aRoads$xDesign and construction 606 $aRoads 608 $aLegislative materials.$2lcgft 615 0$aPublic land sales. 615 0$aRoads$xDesign and construction. 615 0$aRoads. 701 $aDempsey$b S. Wallace$g(Stephen Wallace),$f1862-1949$pRepublican (NY)$01389930 801 0$bWYU 801 1$bWYU 801 2$bOCLCO 801 2$bOCLCQ 801 2$bOCLCO 801 2$bOCLCQ 906 $aBOOK 912 $a9910716184403321 996 $aAuthorizing sale of parcel of land in town of Westport, Conn. June 18, 1926. -- Committed to the Committee of the Whole House on the State of the Union and ordered to be printed$93463466 997 $aUNINA